[Event "8th Lippe Cup"]
[Site "Lieme GER"]
[Date "2011.10.28"]
[Round "1.2"]
[White "Izrailev,A"]
[Black "Schmitz,Philipp"]
[Result "1-0"]
[WhiteElo "2313"]
[BlackElo "1972"]

1.e4 c5 2.Nf3 Nc6 3.Bb5 d6 4.O-O g6 5.c3 Bd7 6.d4 cxd4 7.cxd4 Bg7 8.Nc3 a6
9.Ba4 b5 10.Bb3 Nf6 11.Re1 O-O 12.h3 b4 13.Nd5 Ne8 14.e5 dxe5 15.dxe5 h6
16.Be3 Be6 17.Bc5 Nc7 18.Nxe7+ Nxe7 19.Qxd8 Rfxd8 20.Bxe7 Rd7 21.Bxb4 Bxb3
22.axb3 Rb8 23.Re4 Nd5 24.Rd1 Nc3 25.Rxd7 Nxe4 26.Ba3 Rxb3 27.h4 g5 28.Rd4 Nc3
29.Rd8+ Kh7 30.Nd2  1-0

[Event "Chinese League"]
[Site "Qingdao CHN"]
[Date "2011.10.28"]
[Round "15"]
[White "Ma Qun"]
[Black "Wang Hao"]
[Result "1/2-1/2"]
[WhiteElo "2427"]
[BlackElo "2728"]

1.e4 c5 2.Nf3 Nc6 3.Bb5 g6 4.O-O Bg7 5.Re1 Nf6 6.e5 Nd5 7.Nc3 Nc7 8.Bxc6 dxc6
9.d3 Bg4 10.Ne4 Ne6 11.Neg5 Nxg5 12.Bxg5 Qd5 13.Bf6 Bxf6 14.exf6 e6 15.Re3 O-O-O
16.b3 h5 17.Qd2 Bxf3 18.Rxf3 h4 19.h3 Rh5 20.Re1 b6 21.Rf4 Kb7 22.Ree4 Rdh8
23.Qe3 Rf5 24.Rxh4 Rxh4 25.Rxh4 Rxf6 26.Rf4 Qd8 27.Qe5 Rf5 28.Rxf5 exf5 29.g3 Kc8
30.Kg2 Kd7 31.d4 f6 32.Qe3 Qg8 33.c4 cxd4 34.Qxd4+ Ke7 35.c5 Qb8 36.cxb6 axb6
37.Qh4 g5 38.Qc4 Qa8 39.a4 c5+ 40.Kg1 Qd8 41.Kg2 Qa8+ 42.Kg1 Qd8 43.Kg2 Qa8+  1/2-1/2

[Event "33rd Arco Open"]
[Site "Arco ITA"]
[Date "2011.10.29"]
[Round "8"]
[White "Kasparov,S"]
[Black "Dittmar,P"]
[Result "1-0"]
[WhiteElo "2521"]
[BlackElo "2305"]

1.e4 c5 2.Nf3 Nc6 3.Bb5 a6 4.Bxc6 dxc6 5.d3 Qc7 6.h3 e5 7.Be3 Bd6 8.a4 a5
9.Nbd2 Ne7 10.Nc4 f6 11.Nfd2 Be6 12.b3 b6 13.O-O g5 14.c3 b5 15.Na3 Rb8 16.axb5 cxb5
17.c4 b4 18.Nb5 Qd8 19.Nxd6+ Qxd6 20.Rxa5 Rc8 21.Qc2 O-O 22.Rfa1 Rfd8 23.Ra6 Rc6
24.Rxc6 Nxc6 25.Ra6 Bd7 26.Nf3 Be8 27.Ne1 Qe7 28.Qa2 Nd4 29.Bxd4 Rxd4 30.Kf1 Bd7
31.Qe2 Bc8 32.Ra8 Rd8 33.Nc2 Be6 34.Ra6 Rd6 35.Ra1 Qd8 36.Ne1 Qc7 37.Qa2 Rd7
38.Qa8+ Kg7 39.Ra6 Bf7 40.Rc6 Qa7 41.Qc8 Re7 42.Qf5  1-0

[Event "15th OIBM"]
[Site "Bad Wiessee GER"]
[Date "2011.10.29"]
[Round "1.27"]
[White "Krivoborodov,E"]
[Black "Morrow,H"]
[Result "1-0"]
[WhiteElo "2505"]
[BlackElo "1910"]

1.e4 c5 2.Nf3 Nc6 3.Bb5 a6 4.Bxc6 dxc6 5.O-O Bg4 6.h3 Bh5 7.g4 Bg6 8.d3 f6
9.Nh4 e6 10.Nc3 Bf7 11.f4 h5 12.g5 Qd4+ 13.Kg2 O-O-O 14.Qe2 Be8 15.Be3 Qb4
16.Rfb1 fxg5 17.fxg5 Bd6 18.Nf3 e5 19.a3 Qa5 20.b4 cxb4 21.axb4 Qc7 22.b5 cxb5
23.Nd5 Qf7 24.c4 Ne7 25.Nb6+ Kb8 26.cxb5 Bxb5 27.Rxb5 axb5 28.Qb2 Qe6 29.Qxb5 Rhf8
30.Ra8+ Kc7 31.Nd5+ Nxd5 32.exd5 Rxa8 33.Qc4+ Kb8 34.dxe6 Rc8 35.Qd5 Rc2+
36.Kg3 Ra6 37.Nxe5 h4+ 38.Kxh4  1-0

[Event "World Youth U16 Ol"]
[Site "Kocaeli TUR"]
[Date "2011.10.29"]
[Round "7.9"]
[White "Beradze,I"]
[Black "Abasov,N"]
[Result "0-1"]
[WhiteElo "2294"]
[BlackElo "2470"]

1.e4 c5 2.Nf3 Nc6 3.Bb5 g6 4.Bxc6 bxc6 5.O-O Bg7 6.Re1 Nh6 7.d3 O-O 8.Nc3 d6
9.h3 e5 10.Ne2 f5 11.Bg5 Qc7 12.Qd2 f4 13.Bxh6 Bxh6 14.c3 g5 15.Kf1 g4 16.hxg4 Bxg4
17.c4 Rab8 18.Nc3 Bg7 19.Ke2 h5 20.Rh1 Bf6 21.Rag1 Kf7 22.Kf1 Qe7 23.b3 Rh8
24.Nh2 Be6 25.Ke1 Rbg8 26.Qe2 Ke8 27.Kd1 Qf7 28.Kc2 Bd8 29.Nd1 Kd7 30.Nf3 Bg4
31.Qe1 Kc8 32.Nh4 Rh7 33.g3 Rhg7 34.Nc3 Kd7 35.Qd2 Be6 36.Ne2 Rg4 37.Rb1 fxg3
38.fxg3 Bxh4 39.gxh4 Rg2 40.Rbf1 Rf2 41.Rxf2 Qxf2 42.Nc1 Rg2 43.Qxf2 Rxf2+
44.Kb1 a5 45.a3 Ke7 46.Na2 Rd2 47.Nc1 Bg4 48.Ka1 Ke6 49.Kb1 d5 50.cxd5+ cxd5
51.exd5+ Kxd5 52.Ka1 Rf2 53.Na2 Kd4 54.b4 Be6  0-1

[Event "World Youth U16 Ol"]
[Site "Kocaeli TUR"]
[Date "2011.10.29"]
[Round "7.11"]
[White "Burduli,G"]
[Black "Iskandarov,M"]
[Result "1-0"]
[WhiteElo "1898"]
[BlackElo "2300"]

1.e4 c5 2.Nf3 Nc6 3.Bb5 g6 4.Bxc6 bxc6 5.O-O Bg7 6.Re1 Nh6 7.c3 O-O 8.h3 d5
9.d3 f6 10.Be3 Qd6 11.Qc2 e5 12.d4 c4 13.Nbd2 Nf7 14.b3 Qd8 15.bxc4 dxe4
16.Qxe4 f5 17.Qxc6 Bd7 18.Qd5 f4 19.dxe5 fxe3 20.Rxe3 Bh6 21.e6 Bxe3 22.exf7+ Rxf7
23.fxe3 Kg7 24.Ne5 Re7 25.Qd4 Bf5 26.e4 Be6 27.Nc6+ Qxd4+ 28.cxd4 Rb7 29.d5 Rb2
30.Nf3 Bd7 31.Ncd4 Rc8 32.Rc1 Rxa2 33.c5 a5 34.c6 Be8 35.d6 Rb2 36.Rc5 Rbb8
37.Ne5 a4 38.d7 Bxd7 39.Nxd7 Rb1+ 40.Kh2 a3 41.Ra5 Rb4 42.Ne6+ Kf7 43.Nf4 Rxe4
44.Nd3 Ke7 45.N7e5 Kd6 46.Rxa3  1-0

[Event "8th Lippe Cup"]
[Site "Lieme GER"]
[Date "2011.10.29"]
[Round "2.3"]
[White "Gazic,J"]
[Black "Wittke,R"]
[Result "0-1"]
[WhiteElo "2276"]
[BlackElo "2041"]

1.e4 c5 2.Nf3 Nc6 3.Bb5 g6 4.Bxc6 bxc6 5.Qe2 Bg7 6.c4 Rb8 7.Nc3 d6 8.e5 d5
9.h3 e6 10.b3 Ba6 11.Na4 Qa5 12.Qe3 Bxc4 13.Qxc5 Qxc5 14.Nxc5 Bf8 15.Nxe6 fxe6
16.bxc4 Rb4 17.cxd5 exd5 18.d4 Ne7 19.O-O Nf5 20.Rd1 Be7 21.g4 Ng7 22.Bd2 Rb6
23.Rab1 Kd7 24.Ba5 Rxb1 25.Rxb1 Kc8 26.e6 Nxe6 27.Re1 Ng5 28.Rxe7 Nxf3+ 29.Kg2 Rf8
30.Rxa7 Kb8 31.Bb6 Ne1+ 32.Kg1 h5 33.Re7 Nd3 34.Bc7+ Kc8 35.Bg3 Nf4 36.Ra7 Rf6
37.Kh2 hxg4 38.hxg4 g5 39.Rg7 Ne6 40.Rg8+ Kb7 41.Kg2 Rf8 42.Rg6 Re8 43.Be5 Kb6
44.Kg3 Kb5 45.Bf6 Ra8 46.Bxg5 Nxd4 47.Rf6 c5 48.Rd6 Kc4 49.Bf6 Ra3+ 50.Kg2 Rxa2
51.g5 Nf5 52.Rd8 d4 53.g6 Ra6 54.Rf8 d3 55.Kf3  0-1

[Event "19th Skopje Open"]
[Site "Skopje MKD"]
[Date "2011.10.29"]
[Round "6"]
[White "Koskoska,G"]
[Black "Semsiu,Agim"]
[Result "1/2-1/2"]
[WhiteElo "2117"]
[BlackElo "1895"]

1.e4 c5 2.Nf3 Nc6 3.Bb5 Nd4 4.Ba4 a6 5.c3 Nxf3+ 6.Qxf3 b5 7.Bc2 Bb7 8.O-O g6
9.d3 Bg7 10.Be3 Rc8 11.Qe2 e6 12.d4 cxd4 13.Bxd4 e5 14.Be3 Ne7  1/2-1/2

[Event "TCh-CZE Liga 1 Zapad"]
[Site "Czech Rep CZE"]
[Date "2011.10.30"]
[Round "2.2"]
[White "Novak, Pavel1"]
[Black "Nun, Jiri"]
[Result "1/2-1/2"]
[WhiteElo "2370"]
[BlackElo "2372"]

1.e4 c5 2.Nf3 Nc6 3.Bb5 e6 4.O-O Nge7 5.Re1 Ng6 6.Nc3 Be7 7.b3 O-O 8.Bb2 a6
9.Bxc6 bxc6 10.e5 f6 11.Ne4 fxe5 12.Nxe5 Nxe5 13.Bxe5 d6 14.Bb2 e5 15.c3 Ra7
16.d4 cxd4 17.cxd4 d5 18.Ng3 e4 19.Rc1 Bd7 20.Rc2 Bd6 21.Bc1 Qh4 22.Be3 h6
23.Qd2 a5 24.Rec1 Be8 25.Qe1 Ba3 26.Rb1 Qf6 27.Qd2 Qd8 28.Qe2 Qh4 29.Qe1 Bb4
30.Qc1 Qe7 31.Qd1 Qe6 32.Ra1 Qg6 33.Qc1 Raf7 34.a3 Be7 35.Qd2 Bd8 36.Qe2 Rb7
37.Rb1 Qd6 38.a4 Qg6 39.Qd2 Rb4 40.Ne2 Bc7 41.Qe1 Bd7 42.Rc5 Rfb8 43.Rc3 Qf6
44.Qc1 Rf8 45.Qd2 Qh4 46.Ng3 Rfb8 47.Qc2 R4b6 48.Rc5 Ra6  1/2-1/2

[Event "US Chess League 2011"]
[Site "ICC INT"]
[Date "2011.10.31"]
[Round "10"]
[White "Rosenthal,Nicholas"]
[Black "Xiong,Jeffrey"]
[Result "1/2-1/2"]
[WhiteElo "2019"]
[BlackElo "1992"]

1.e4 c5 2.Nf3 Nc6 3.Bb5 e6 4.O-O Nge7 5.c3 a6 6.Ba4 b5 7.Bc2 Bb7 8.d4 cxd4
9.cxd4 Nb4 10.Re1 Nxc2 11.Qxc2 Rc8 12.Qe2 d5 13.e5 Nc6 14.Be3 Be7 15.Rc1 O-O
16.Nbd2 Na5 17.Nf1 Qb6 18.Ng3 Rxc1+ 19.Rxc1 Rc8 20.h4 Rxc1+ 21.Bxc1 Qc7 22.Bg5 Bf8
23.Nh5 Qc4 24.Qd2 Qxa2 25.Kh2 Nc4 26.Qf4 Qb1 27.b3 Na5 28.Nf6+ gxf6 29.exf6 Nc6
30.Qc7 Qe4 31.Be3 Nb4 32.Qxb7 Bd6+ 33.Kh1 Qb1+ 34.Ng1 Qg6 35.Qc8+ Bf8 36.Bf4 Nd3
37.Bd6 Nxf2+ 38.Kh2 Ng4+ 39.Kh3 Nf2+ 40.Kh2 Ng4+ 41.Kh3 Nf2+  1/2-1/2

[Event "US Chess League 2011"]
[Site "ICC INT"]
[Date "2011.11.02"]
[Round "10"]
[White "Herman,Ma"]
[Black "Bonin,J"]
[Result "1/2-1/2"]
[WhiteElo "2414"]
[BlackElo "2325"]

1.e4 c5 2.Nf3 Nc6 3.Bb5 g6 4.O-O Bg7 5.c3 Nf6 6.Re1 O-O 7.h3 d5 8.e5 Ne8
9.d4 cxd4 10.cxd4 Bd7 11.Nc3 Nc7 12.Ba4 Be8 13.Be3 Na5 14.Bxe8 Rxe8 15.b3 f6
16.Qd2 Nc6 17.Bh6 Ne6 18.Rad1 Rc8 19.Bxg7 Kxg7 20.exf6+ exf6 21.Re3 Rc7 22.h4 Rce7
23.Rde1 h5 24.Kh1 Kh7 25.Ne2 Qd6 26.g3 Ng7 27.Nf4 Nf5 28.Rxe7+ Rxe7  1/2-1/2

[Event "FSFMA November"]
[Site "Budapest HUN"]
[Date "2011.11.05"]
[Round "1"]
[White "Lee,Ka"]
[Black "Cross,T"]
[Result "1/2-1/2"]
[WhiteElo "2003"]
[BlackElo "2058"]

1.e4 c5 2.Nf3 Nc6 3.Bb5 g6 4.Bxc6 dxc6 5.h3 Bg7 6.d3 e5 7.Be3 b6 8.Qd2 h6
9.Nc3 Be6 10.a3 Ne7 11.g4 Qd7 12.O-O-O O-O-O 13.Rdg1 g5 14.Ne2 Ng6 15.Ng3 Nf4
16.Nf5 Bxf5 17.gxf5 f6 18.Bxf4 exf4 19.Rd1 Qf7 20.Kb1 Rhe8 21.Qc3 Bf8 22.Rde1 Kb7
23.Rd1  1/2-1/2

[Event "TCh-AUT 2 Ost 2011-12"]
[Site "Vienna AUT"]
[Date "2011.11.06"]
[Round "4"]
[White "Mahdi,K"]
[Black "Wiedermann,D"]
[Result "1-0"]
[WhiteElo "2399"]
[BlackElo "2220"]

1.e4 c5 2.Nf3 Nc6 3.Bb5 e6 4.O-O Nge7 5.d4 cxd4 6.Nxd4 Qb6 7.Nxc6 Nxc6 8.Nc3 d6
9.a4 Be7 10.Be3 Qc7 11.f4 O-O 12.Kh1 Bd7 13.Rf3 a6 14.Bd3 Bf6 15.e5 dxe5
16.Bxh7+ Kxh7 17.Rh3+ Kg8 18.Qh5 Bh4 19.Qxh4 f5 20.Rd1 exf4 21.Bxf4 e5 22.Qh7+ Kf7
23.Rg3  1-0

[Event "TCh-AUT 2 Ost 2011-12"]
[Site "Vienna AUT"]
[Date "2011.11.06"]
[Round "4"]
[White "Volkmann,F"]
[Black "Cvek,R"]
[Result "1/2-1/2"]
[WhiteElo "2410"]
[BlackElo "2518"]

1.e4 c5 2.Nf3 Nc6 3.Bb5 g6 4.O-O Bg7 5.Bxc6 dxc6 6.h3 Nh6 7.d3 b6 8.Nbd2 O-O
9.Nc4 f6 10.Be3 Nf7 11.a3 Ba6 12.Qe2 Qc8 13.Nfd2 Nd6 14.f4 Bxc4 15.Nxc4 Nxc4
16.dxc4 Qe6 17.Bd2 f5 18.e5 Rad8 19.Be3 a5 20.a4 Qc8 21.Rfd1 e6 22.Ra3 Rxd1+
23.Qxd1 Rd8 24.Rd3 Rxd3 25.Qxd3 Bf8 26.g3 Be7 27.Kg2 Kf7 28.g4 Qd8 29.Qxd8 Bxd8
30.g5 Ke8  1/2-1/2

[Event "18th European Teams w"]
[Site "Porto Carras GRE"]
[Date "2011.11.08"]
[Round "6.13.1"]
[White "Sedina,E"]
[Black "Seps,M"]
[Result "1-0"]
[WhiteElo "2343"]
[BlackElo "2198"]

1.e4 c5 2.Nf3 Nc6 3.Bb5 g6 4.O-O Bg7 5.Re1 e5 6.b4 cxb4 7.a3 Nge7 8.axb4 O-O
9.Bb2 d6 10.Bxc6 bxc6 11.d4 f6 12.Nbd2 Be6 13.Bc3 Kh8 14.Qe2 Qc7 15.Ra5 g5
16.dxe5 fxe5 17.Nxg5 Bg8 18.Nf1 Ng6 19.g3 Qe7 20.Qh5 Bf6 21.h4 Be6 22.Nxe6 Qxe6
23.Ne3 Bd8 24.Raa1 Bb6 25.Re2 Rg8 26.Kh2 Raf8 27.Nf5 Ne7 28.Nxd6 Bd4 29.Bxd4 exd4
30.Nf5 Nxf5 31.exf5 Qd7 32.f6 Rxf6 33.Qe5 Rf8 34.Rd1 Kg8 35.Kg1 Rd6 36.Rd3 Rd5
37.Qe6+ Rf7 38.Qxd7 Rfxd7 39.Red2 Kf7 40.Kg2 Ke6 41.g4 Ke5 42.Kg3 Kf6 43.Kf4 h6
44.f3 Kf7 45.Ke4 Re7+ 46.Kf4 Red7 47.h5 Kf6 48.Ke4 Re7+ 49.Kf4 Red7 50.Kg3 Kf7
51.Kf4 Kf6 52.Rd1 Kf7 53.Ke4 Re7+ 54.Kf4 Red7 55.R3d2 Kf6 56.Ra1 Ke6 57.Ra6 Kd6
58.b5 Rf7+ 59.Kg3 Rxb5 60.Rxd4+ Rd5 61.Rda4 Rc5 62.Rxa7 Rf6 63.Rd4+ Ke5 64.Rd2 Rc3
65.Re7+  1-0

[Event "US Chess League 2011 Playoff"]
[Site "ICC INT"]
[Date "2011.11.09"]
[Round "1"]
[White "Herman,Ma"]
[Black "Martirosov,V"]
[Result "1-0"]
[WhiteElo "2396"]
[BlackElo "2247"]

1.e4 c5 2.Nf3 Nc6 3.Bb5 e6 4.O-O Nge7 5.c3 a6 6.Ba4 b5 7.Bc2 Bb7 8.Qe2 d5
9.e5 d4 10.Be4 Qd7 11.d3 Nd5 12.cxd4 Nxd4 13.Nxd4 cxd4 14.Nd2 Be7 15.Qg4 O-O
16.Qh3 f5 17.exf6 Nxf6 18.Bxb7 Qxb7 19.Qxe6+ Kh8 20.Nf3 Rae8 21.Bf4 Nd5 22.Bg3 Ba3
23.Qh3 Bxb2 24.Ng5 h6 25.Rae1 Bc3 26.Qf5 hxg5 27.Rxe8 Rxe8 28.Qxg5 Qf7 29.Be5 Nf6
30.f4 Kg8 31.Rf3 Nd7 32.Bxg7 Qxg7 33.Qd5+ Kf8 34.Rg3 Re1+ 35.Kf2 Qf7 36.Qd6+ Ke8
37.Rh3 Qf6 38.Qc7 Nf8 39.Rh5 Qe6 40.Qb8+ Kf7 41.Qc7+ Nd7 42.Kg3 Re3+ 43.Kh4 Qf6+
44.Kg4 Qe6+ 45.f5 Re4+ 46.dxe4 Qxe4+ 47.Kh3 Qd3+ 48.g3 Qf1+ 49.Kh4 Ke7 50.Rh7+ Kf6
51.Qd6+  1-0

[Event "FSFMA November"]
[Site "Budapest HUN"]
[Date "2011.11.11"]
[Round "7"]
[White "Juracsik,J"]
[Black "Makrai,P"]
[Result "1-0"]
[WhiteElo "2172"]
[BlackElo "1812"]

1.e4 c5 2.Nf3 Nc6 3.Bb5 g6 4.Bxc6 dxc6 5.O-O Bg7 6.d3 Nf6 7.Nc3 O-O 8.Be3 b6
9.h3 Be6 10.Ng5 Qc8 11.f4 h6 12.Nxe6 Qxe6 13.Qf3 Qd7 14.g4 Ne8 15.Kh1 Bd4
16.f5 g5 17.Bd2 Be5 18.Rad1 Nc7 19.Ne2 Rad8 20.Bc1 Nb5 21.c3 a6 22.a4 Na7
23.d4 Bb8 24.Kg2 cxd4 25.cxd4 f6 26.Qb3+ Kg7 27.Qxb6 Qd6 28.Rh1 h5 29.h4 gxh4
30.Rxh4 Rh8 31.Rdh1 e5 32.Rxh5 Rxh5 33.Rxh5 Nc8 34.Bh6+ Kf7 35.Qxa6 Ne7 36.Qc4+ Ke8
37.dxe5 fxe5 38.Bg5 Rd7 39.Rh8+  1-0

[Event "2nd Brno Open"]
[Site "Brno CZE"]
[Date "2011.11.12"]
[Round "1"]
[White "Veznik,Michael"]
[Black "Medunova,V"]
[Result "1/2-1/2"]
[WhiteElo "1821"]
[BlackElo "2088"]

1.e4 c5 2.Nf3 Nc6 3.Bb5 g6 4.Bxc6 dxc6 5.O-O Bg7 6.Re1 Nf6 7.h3 O-O 8.d3 Qc7
9.Be3 b6 10.Nc3 e5 11.Qd2 Re8 12.a4 a5 13.Ne2 Be6 14.Ng5 Rad8 15.f4 exf4
16.Bxf4 Qb7 17.Ng3 Bc8 18.Rad1 Nd7 19.c3 Nf8 20.e5 Ne6 21.N3e4 Qe7 22.Rf1 Rf8
23.Qe3 Nxf4 24.Qxf4 Qxe5 25.Qh4 h6 26.Nxf7 Qh5 27.Qxh5 gxh5 28.Nxd8 Rxd8
29.Rf3 Be6 30.Ra1 Kh7 31.Kf2 h4 32.Ke2 c4 33.d4 Kg6 34.Raf1 Bd5 35.Rf4 h5
36.Rxh4 Re8 37.Kf3 Bf6 38.Rf4 Bg5 39.Re1 Bxf4 40.Kxf4 Rf8+ 41.Kg3 Re8 42.Kf4 Rf8+
43.Kg3 Re8 44.Kf4 Rf8+  1/2-1/2

[Event "Umada Cup 2011"]
[Site "Hastings BAR"]
[Date "2011.11.12"]
[Round "8"]
[White "Joseph,M"]
[Black "Duncan,L"]
[Result "1-0"]
[WhiteElo "2182"]
[BlackElo "2004"]

1.e4 c5 2.Nf3 Nc6 3.Bb5 g6 4.O-O Bg7 5.c3 Nf6 6.Qa4 O-O 7.d4 cxd4 8.cxd4 Qc7
9.Nc3 a6 10.e5 Ne8 11.Bg5 Qd8 12.Rfe1 Nc7 13.Bf1 b5 14.Qd1 h6 15.Be3 b4 16.Ne4 Nd5
17.Rc1 Kh7 18.Bd2 f5 19.exf6 Nxf6 20.Bd3 Nxe4 21.Rxe4 d5 22.Rh4 Nxd4 23.Nxd4 e5
24.Rxh6+ Bxh6 25.Qh5  1-0

[Event "TCh-CZE Liga1 Vychod"]
[Site "Czech Rep CZE"]
[Date "2011.11.13"]
[Round "3"]
[White "Karlik,V"]
[Black "Uricar,J"]
[Result "1/2-1/2"]
[WhiteElo "2286"]
[BlackElo "2212"]

1.e4 c5 2.Nf3 Nc6 3.Bb5 g6 4.O-O Bg7 5.c3 d5 6.Qe2 a6 7.Ba4 b5 8.exd5 Qxd5
9.Bb3 c4 10.Bc2 Bf5 11.Bxf5 gxf5 12.Na3 e6 13.b3 cxb3 14.axb3 Na5 15.Bb2 Qxb3
16.Rfb1 Ne7 17.d3 O-O 18.c4 Bxb2 19.Rxb2 Qc3 20.cxb5 Nb3 21.Rd1 Nc1 22.Qc2 Qxa3
23.Qxc1 axb5 24.Rxb5 Qxc1 25.Rxc1 Rfd8 26.Rb7 Nc6  1/2-1/2

[Event "2nd Brno Open"]
[Site "Brno CZE"]
[Date "2011.11.14"]
[Round "3"]
[White "Kearsley,R"]
[Black "Slechta,J"]
[Result "0-1"]
[WhiteElo "1847"]
[BlackElo "1721"]

1.e4 c5 2.Nf3 Nc6 3.Bb5 d6 4.d4 cxd4 5.Qxd4 Bd7 6.Bxc6 Bxc6 7.Nc3 Nf6 8.Bg5 h6
9.Bh4 g5 10.Bg3 Bg7 11.O-O-O Nh5 12.Qd2 Nxg3 13.hxg3 Qa5 14.Nd4 O-O-O 15.f4 g4
16.Qe2 h5 17.Nb3 Qb6 18.Nd5 Bxd5 19.Rxd5 e5 20.Rxh5 Kb8 21.Qxg4 Rxh5 22.Qxh5 exf4
23.Qg5 Be5 24.gxf4 f6 25.Qg3 Qg1+ 26.Rd1 Bxb2+ 27.Kd2 Qb6 28.Rb1 Ba3 29.Qe3 Bc5
30.Qd3 Rc8 31.Qf3 Qb4+ 32.c3 Qa3 33.Nxc5 Qxa2+ 34.Kc1 Qa3+ 35.Kc2 dxc5 36.Rb2 Qa4+
37.Kb1 Rd8 38.Kc1 b5 39.Qe2 a6 40.e5 Qxf4+ 41.Kb1 Qxe5 42.Qf3 Re8 43.Qc6 Qe4+
44.Qxe4 Rxe4 45.Rf2 Re6  0-1

[Event "15th Zenica Int"]
[Site "Zenica BIH"]
[Date "2011.11.16"]
[Round "6.1"]
[White "Radlovacki,J"]
[Black "Radic,B"]
[Result "0-1"]
[WhiteElo "2429"]
[BlackElo "2165"]

1.e4 c5 2.Nf3 Nc6 3.Bb5 Qc7 4.c3 Nf6 5.Qe2 e5 6.O-O a6 7.Ba4 Be7 8.d4 b5
9.Bb3 d6 10.d5 Na5 11.Bc2 Nc4 12.a4 Rb8 13.axb5 axb5 14.h3 Bd7 15.b3 Nb6
16.Be3 O-O 17.Nbd2 Ra8 18.Rfb1 Rxa1 19.Rxa1 Ra8 20.Qf1 Qb7 21.b4 Rxa1 22.Qxa1 c4
23.Qa5 Bd8 24.Nb1 Bc7 25.Qa3 Qa8 26.Qb2 Na4 27.Qc1 Nb6 28.Nh4 Ne8 29.g4 f6
30.Nf5 g6 31.Ng3 Nc8 32.Kg2 Bb6 33.Nf1 Ng7 34.Bxb6 Nxb6 35.Qe3 Qd8 36.f4 exf4
37.Qxf4 Qe7 38.Qf2 Nc8 39.Nfd2 Qe5 40.Nf3 Qf4 41.Qd2 Qxd2+ 42.Nbxd2 h5 43.g5 Kf7
44.Kg3 Nb6 45.h4 f5 46.e5 Nxd5 47.exd6 Ke6 48.Nb1 Kxd6 49.Kf2 Ne6 50.Ke2 Ndf4+
51.Kd2 Bc6 52.Ne1 Ke5 53.Bd1 Ng2 54.Nxg2 Bxg2 55.Ke3 Nf4 56.Na3 Bc6 57.Bf3 Bd7
58.Bb7 Nd3 59.Ba6 f4+ 60.Kd2 f3 61.Bxb5 f2 62.Nxc4+ Kf4  0-1

[Event "WYCC U18 Open"]
[Site "Caldas Novas BRA"]
[Date "2011.11.18"]
[Round "1"]
[White "Caprio,G"]
[Black "Meza Ponce,Jer"]
[Result "1/2-1/2"]
[WhiteElo "2354"]
[BlackElo "1988"]

1.e4 c5 2.Nf3 Nc6 3.Bb5 g6 4.Bxc6 bxc6 5.O-O Bb7 6.c3 Nf6 7.e5 Nd5 8.d4 cxd4
9.Qxd4 Qb6 10.Qh4 Ba6 11.Re1 Bd3 12.c4 Nc7 13.b3 h6 14.Nc3 Ne6 15.Ba3 g5
16.Qg3 Bg6 17.h4 Qa5 18.Na4 Bh5 19.hxg5 Bxf3 20.Qxf3 hxg5 21.Qe3 Rh5 22.Rad1 O-O-O  1/2-1/2

[Event "WYCC U16 Open"]
[Site "Caldas Novas BRA"]
[Date "2011.11.18"]
[Round "1"]
[White "Garmendia Vega,Gabriel"]
[Black "Ebeling,D"]
[Result "0-1"]
[WhiteElo "1815"]
[BlackElo "2242"]

1.e4 c5 2.Nf3 Nc6 3.Bb5 Nf6 4.e5 Nd5 5.O-O Nc7 6.Bxc6 dxc6 7.h3 h6 8.c3 Qd3
9.Re1 Nd5 10.b3 Bf5 11.Ba3 e6 12.c4 Nf4 13.Nc3 O-O-O 14.Re3 Qd7 15.Ne4 b6
16.Rb1 Nd3 17.Bb2 Be7 18.Bc3 Bh7 19.a3 Rhf8 20.b4 f5 21.Nd6+ Kb8 22.Rxd3 f4
23.Qe2 Ka8 24.bxc5 bxc5 25.Ba5 Bxd3 26.Qxd3 Rb8 27.Rxb8+ Rxb8 28.Qc3 g5 29.Kh2 h5
30.d3 g4 31.Nd2 g3+ 32.fxg3 fxg3+ 33.Kg1 Bxd6 34.exd6 Qxd6 35.Qc2 Qd4+ 36.Kh1 Qa1+  0-1

[Event "21st World Seniors"]
[Site "Rijeka CRO"]
[Date "2011.11.19"]
[Round "5.14"]
[White "Leskovar,Mar"]
[Black "Danner,G"]
[Result "1/2-1/2"]
[WhiteElo "2316"]
[BlackElo "2406"]

1.e4 c5 2.Nf3 Nc6 3.Bb5 Nd4 4.Nxd4 cxd4 5.O-O a6 6.Bc4 Nf6 7.d3 d5 8.exd5 Nxd5
9.Qf3 Nf6 10.Nd2 e6 11.Ne4 Be7 12.Bf4 O-O 13.Nxf6+ Bxf6 14.Rfe1 Qb6 15.a4 a5
16.Bb5 Qc5 17.Re2 Rd8 18.Qg3 g6 19.Rae1 Bd7 20.Bc7 Bxb5 21.Bxd8 Rxd8 22.axb5 Qxb5
23.b3 Rc8 24.Qd6 Kg7 25.g3 h5 26.h3 Rd8 27.Qc7 Rd7 28.Qc4 Qxc4 29.bxc4 Be7
30.Re5 b6 31.Rb5 Bc5 32.Ra1 Ra7 33.Ra4 e5 34.Kf1 f5 35.f3 Kf6 36.Ke2 h4 37.gxh4 Rh7
38.Kf2 Rxh4 39.Kg3 Rh7 40.Rxc5 bxc5 41.Rxa5 Rc7 42.Ra6+ Kf7 43.Kh4 e4 44.fxe4 fxe4
45.dxe4 Rb7 46.Rc6 Rb2 47.Rxc5 Rxc2 48.Kg4 Ke6 49.Kf4 Rf2+ 50.Kg3 Re2 51.Kf3 Rh2
52.Kg3 Re2 53.Rg5 Rxe4 54.Rxg6+ Kf5 55.Rd6 Re3+ 56.Kf2 Ke5 57.Rh6 Rc3 58.Ke2 Rxc4
59.Rh5+  1/2-1/2

[Event "TCh-BEL 2011-12"]
[Site "Belgium BEL"]
[Date "2011.11.20"]
[Round "4.1"]
[White "Leenhouts,K"]
[Black "Todorov,Todor"]
[Result "1/2-1/2"]
[WhiteElo "2387"]
[BlackElo "2486"]

1.e4 c5 2.Nf3 Nc6 3.Bb5 Nf6 4.Nc3 g6 5.e5 Ng4 6.Bxc6 dxc6 7.Qe2 Nh6 8.h3 Nf5
9.O-O Nd4 10.Nxd4 cxd4 11.Ne4 Qd5 12.f4 d3 13.Qxd3 Qxd3 14.cxd3 b6 15.b3 Ba6
16.Rf3 Rd8 17.Bb2 Bg7 18.d4 O-O 19.a4 Bc8 20.a5 f5 21.Nf2 Be6 22.axb6 axb6
23.Ra6 Kf7 24.b4 Rb8 25.Rc3 Bd5 26.Nd1 Bh6 27.g3 g5 28.Ne3 Ke6 29.b5 Rfc8
30.bxc6 gxf4 31.Nxd5 Kxd5 32.Ra7 Ra8 33.Rd7+ Ke4 34.Bc1 fxg3 35.Rxg3 f4 36.Rc3 b5
37.Kf2 b4 38.Rc5 Bg5 39.c7 Bh4+ 40.Kf1 b3 41.d5 Ra1 42.Rc4+ Kf3 43.Rc3+ Ke4
44.Rc4+ Kf3 45.Rc3+ Ke4 46.Rc4+ Kf3  1/2-1/2

[Event "TCh-FIN SM-Liiga 2011-12"]
[Site "Porvoo FIN"]
[Date "2011.11.20"]
[Round "6.4"]
[White "Hokkanen,P"]
[Black "Topi Hulmi,T"]
[Result "1-0"]
[WhiteElo "2300"]
[BlackElo "2279"]

1.e4 c5 2.Nf3 Nc6 3.Bb5 e6 4.O-O Nge7 5.Re1 a6 6.Bxc6 Nxc6 7.d4 cxd4 8.Nxd4 Qc7
9.Nxc6 dxc6 10.e5 Be7 11.Qg4 g6 12.Bg5 h5 13.Qh4 Bxg5 14.Qxg5 Qe7 15.Qe3 f5
16.exf6 Qxf6 17.Nc3 O-O 18.Ne4 Qxb2 19.c3 Qb5 20.Qh6 Qf5 21.Ng5 Rf7 22.Nxf7 Qxf7
23.Rad1 Bd7 24.Re3 Be8 25.h3 Rc8 26.Qg5 Rc7 27.Rd6 Re7 28.Rf3 Qg7 29.Rf6 Bf7
30.c4 c5 31.Rf3 Be8 32.Qxc5 Bc6 33.Rd8+ Kh7 34.Rff8 Rf7 35.Rxf7 Qxf7 36.Qe5 Be8
37.Rc8 Kg8 38.Rc7 Qf8 39.Qxe6+ Bf7 40.Qd7  1-0

[Event "21st World Seniors"]
[Site "Rijeka CRO"]
[Date "2011.11.22"]
[Round "7.11"]
[White "Turikov,V"]
[Black "Danner,G"]
[Result "1/2-1/2"]
[WhiteElo "2270"]
[BlackElo "2406"]

1.e4 c5 2.Nf3 Nc6 3.Bb5 Nd4 4.Nxd4 cxd4 5.O-O g6 6.d3 Bg7 7.c3 a6 8.Bc4 e6
9.cxd4 Bxd4 10.Nc3 b5 11.Bb3 Bb7 12.Be3 Bg7 13.Qd2 Ne7 14.Bh6 O-O 15.Rae1 d5
16.Bxg7 Kxg7 17.Qf4 b4 18.Ne2 a5 19.Ng3 a4 20.Bd1 Ba6 21.Be2 Qb8 22.Qg5 Ra7
23.Nh5+ Kg8 24.Nf6+ Kg7  1/2-1/2

[Event "21st World Seniors"]
[Site "Rijeka CRO"]
[Date "2011.11.23"]
[Round "8.2"]
[White "Jansa,Vl"]
[Black "Kurajica,B"]
[Result "0-1"]
[WhiteElo "2478"]
[BlackElo "2532"]

1.e4 c5 2.Nf3 Nc6 3.Bb5 g6 4.O-O Bg7 5.c3 Nf6 6.Re1 O-O 7.h3 e5 8.d3 d6 9.a3 Ne8
10.b4 Nc7 11.Bc4 b5 12.Ba2 a5 13.bxc5 dxc5 14.Be3 Qe7 15.a4 b4 16.Bd5 Bb7
17.c4 Ne6 18.Nbd2 Kh8 19.Nb3 Ncd8 20.Ra2 Bc6 21.Nfd2 Qd6 22.Qe2 f5 23.f3 f4
24.Bf2 g5 25.Nf1 Bf6 26.Nh2 h5 27.Kh1 Ra7 28.Qf1 Be8 29.Qg1 Nd4 30.Bxd4 cxd4
31.Rc1 Nc6 32.Qd1 Bd8 33.c5 Qh6 34.Nd2 Rg7 35.Nc4 Bc7 36.Kg1 Ne7 37.Qb3 Bd7
38.Rac2 g4 39.Nb6 Bxb6 40.cxb6 Qxb6 41.hxg4 hxg4 42.Nxg4 Bxg4 43.fxg4 Qh6
44.Be6 f3 45.Bf5 Qe3+  0-1

[Event "Vilnius Open 2011"]
[Site "Vilnius LTU"]
[Date "2011.11.24"]
[Round "6"]
[White "Inants,A"]
[Black "Olhovik,Andrei"]
[Result "1-0"]
[WhiteElo "2288"]
[BlackElo "2219"]

1.e4 c5 2.Nf3 Nc6 3.Bb5 g6 4.Bxc6 dxc6 5.d3 Bg7 6.h3 b6 7.Nc3 Nh6 8.Be3 f6
9.Qd2 Nf7 10.Nh2 e5 11.f4 Be6 12.Nf3 exf4 13.Bxf4 O-O 14.O-O a5 15.a4 Ra7
16.Rae1 Rd7 17.Qf2 Ng5 18.Qe2 Nxf3+ 19.Rxf3 Rdf7 20.Rff1 Qd7 21.Qd2 Qd8 22.Ne2 Rd7
23.Bh6 Qc7 24.Bxg7 Kxg7 25.Qe3 Qe5 26.b3 Bg8 27.Kh1 Re7 28.Ng1 Rfe8 29.Nf3 Qc3
30.Qf2 Rf8 31.Nh2 Be6 32.Nf3 Ref7 33.Re2 b5 34.Qg3 Bxb3 35.cxb3 Qxd3 36.Qe1 Qxb3
37.Qxa5 Re7 38.axb5 cxb5 39.Qb6 Qc4 40.Ree1 Rff7 41.Rc1 Qxe4 42.Qxc5 Rb7
43.Rfe1 Qa4 44.Nd4 h5 45.Ne6+ Kh7 46.Nd8 Rfc7 47.Qd6 Rd7 48.Qxf6 Ra7 49.Ne6 Kh6
50.Qf8+  1-0

[Event "34th ch-GRE w"]
[Site "Athens GRE"]
[Date "2011.11.26"]
[Round "1"]
[White "Fakhiridou,E"]
[Black "Pavlidou,E"]
[Result "1/2-1/2"]
[WhiteElo "2180"]
[BlackElo "2176"]

1.e4 c5 2.Nf3 Nc6 3.Bb5 d6 4.O-O Bd7 5.Re1 Nf6 6.c3 a6 7.Bf1 Bg4 8.h3 Bh5
9.d3 e6 10.Nbd2 Be7 11.Qc2 Rc8 12.Nh2 g5 13.Nc4 b5 14.Ne3 Rg8 15.a4 Qb6 16.axb5 axb5
17.Neg4 Bxg4 18.Nxg4 h5 19.Nxf6+ Bxf6 20.d4 cxd4 21.cxd4 Bxd4 22.Be3 Ke7
23.Qd2 Bxe3 24.Rxe3 e5 25.Rg3 Nd4 26.Qd1 h4 27.Rga3 g4 28.Ra7+ Kf6 29.R1a6 Qc5
30.Rd7 Rc6 31.Raa7 Rg7 32.hxg4 Kg6 33.Qd2 Qc1 34.Rxd6+ f6 35.Rxg7+ Kxg7 36.Rxd4 exd4
37.Qxd4 Qc5 38.Qd7+ Kh6 39.b4 Qd6 40.Qxd6 Rxd6 41.Bxb5 Rb6 42.Bd3 Rxb4 43.f4 Rd4
44.Bc2 Rc4 45.Bd3 Rd4 46.Bc2 Rc4  1/2-1/2